logo

Bir Sreshtho Munshi Abdur Rouf Library
Jhenaidah Cadet College

Standard English in the United States and England / (Record no. 8778)

MARC details
000 -LEADER
fixed length control field 01129nam a2200361 i 4500
001 - CONTROL NUMBER
JCCL Control Number 8778
003 - CONTROL NUMBER IDENTIFIER
JCCL marc code BD - JhCC
005 - DATE AND TIME OF LATEST TRANSACTION
control field 20180303201955.0
008 - FIXED-LENGTH DATA ELEMENTS--GENERAL INFORMATION
fixed length control field 780530s1978 ne b 001 0 eng
020 ## - INTERNATIONAL STANDARD BOOK NUMBER
International Standard Book Number 9027975663 :
Terms of availability fl 50.00
035 ## - SYSTEM CONTROL NUMBER
system control number (BD - JhCC)8778
035 ## - SYSTEM CONTROL NUMBER
system control number (OCoLC)04002807
035 ## - SYSTEM CONTROL NUMBER
system control number GLIS00058829
040 ## - CATALOGING SOURCE
Original cataloging agency DLC
Transcribing agency DLC
Modifying agency MYG
-- BD - JhCC
041 ## - LANGUAGE CODE
Language code of Book eng
082 ## - DEWEY DECIMAL CLASSIFICATION NUMBER
Author mark and Year SHV 1978
090 ## - LOCALLY ASSIGNED LC-TYPE CALL NUMBER (OCLC); LOCAL CALL NUMBER (OCLC)
Classification number (OCLC) (R) ; Classification number, CALL (RLIN) (NR) P25
Local cutter number (OCLC) ; Book number/undivided call number, CALL (RLIN) .J35 no.159
099 ## - LOCAL FREE-TEXT CALL NUMBER
Classification number P25.J35 no.159
100 1# - MAIN ENTRY--PERSONAL NAME
Personal name Shveit\0361ser, A. D.
Fuller form of name (Aleksandr Davidovich)
245 10 - TITLE STATEMENT
Title Standard English in the United States and England /
Statement of responsibility, etc Aleksandr D. Svejcer.
260 ## - PUBLICATION, DISTRIBUTION, ETC. (IMPRINT)
Place of publication, distribution, etc The Hague ;
-- New York :
Name of publisher, distributor, etc Mouton,
Date of publication, distribution, etc c1978.
300 ## - PHYSICAL DESCRIPTION
Pagination vi, 172 p. ;
Dimensions 23 cm.
490 1# - SERIES STATEMENT
Series statement Janua linguarum. Series minor ;
Volume number/sequential designation 159
500 ## - GENERAL NOTE
General note Includes index.
504 ## - BIBLIOGRAPHY, ETC. NOTE
Bibliography, etc Bibliography: p. [165]-170.
650 #0 - SUBJECT ADDED ENTRY--TOPICAL TERM
Topical term or geographic name as entry element English language.
650 #0 - SUBJECT ADDED ENTRY--TOPICAL TERM
Topical term or geographic name as entry element English language
Geographic subdivision United States.
650 #0 - SUBJECT ADDED ENTRY--TOPICAL TERM
Topical term or geographic name as entry element English language
General subdivision Variation.
650 #0 - SUBJECT ADDED ENTRY--TOPICAL TERM
Topical term or geographic name as entry element English language
General subdivision Standardization.
830 #0 - SERIES ADDED ENTRY--UNIFORM TITLE
Uniform title Janua linguarum.
Volume number/sequential designation 159.
942 ## - ADDED ENTRY ELEMENTS (KOHA)
Source of classification or shelving scheme Dewey Decimal Classification
Koha item type Books
Holdings
Source of classification or shelving scheme Damaged status Not for loan Home library Current library Shelving location Date of accession Full call number Barcode Date last seen Copy number Method of acquisition Koha item type
Dewey Decimal Classification     JCC Rouf Library JCC Rouf Library General Stacks 11/12/2023 428.00973 SHV 1978 11610 03/03/2018 C - 1 Purchase Books

JCC Library | Contacts | JCC Home

Last Update on 23 September 2017
Copyright @ 2017-2020 JCC Rouf Library
Rouf Library, Jhenidah Cadet College (JCC), Bangladesh